মনে হয় ছুঁই ছুঁই / (Record no. 54152)
[ view plain ]
| 000 -LEADER | |
|---|---|
| fixed length control field | 00804nam a2200229 a 4500 |
| 001 - CONTROL NUMBER | |
| control field | 54152 |
| 003 - CONTROL NUMBER IDENTIFIER | |
| rucl marc code | BD-RjUL |
| 005 - DATE AND TIME OF LATEST TRANSACTION | |
| control field | 20211209080059.0 |
| 008 - FIXED-LENGTH DATA ELEMENTS--GENERAL INFORMATION | |
| fixed length control field | 161102s2004 bg ||||| |||| 00| 0 ben d |
| 020 ## - INTERNATIONAL STANDARD BOOK NUMBER | |
| Terms of availability | : TK 80.00 |
| 035 ## - SYSTEM CONTROL NUMBER | |
| System control number | (BD-RjUL)54274 |
| 040 ## - CATALOGING SOURCE | |
| Original cataloging agency | BD-RjUL |
| Language of cataloging | ben |
| Transcribing agency | BD-RjUL |
| 041 ## - LANGUAGE CODE | |
| Language code of text/sound track or separate title | ben |
| 082 ## - DEWEY DECIMAL CLASSIFICATION NUMBER | |
| Edition number | 23 |
| Classification number | 891.441 |
| Author mark and year | ALM 2004 |
| 100 ## - MAIN ENTRY--PERSONAL NAME | |
| Personal name | আলী, মোঃ নওসাদ আলী |
| 9 (RLIN) | 161659 |
| 245 10 - TITLE STATEMENT | |
| Title | মনে হয় ছুঁই ছুঁই / |
| Statement of responsibility, etc. | মোঃ নওসাদ আলী |
| 260 ## - PUBLICATION, DISTRIBUTION, ETC. (IMPRINT) | |
| Place of publication, distribution, etc. | রাজশাহী : |
| Name of publisher, distributor, etc. | বাংলাদেশ কবিতা ক্লাব, |
| Date of publication, distribution, etc. | ২০০৪ |
| 300 ## - PHYSICAL DESCRIPTION | |
| Pagination | ১০৪ পৃ. ; |
| Size | ২১ সেমি. |
| 650 ## - SUBJECT ADDED ENTRY--TOPICAL TERM | |
| Topical term or geographic name as entry element | বাংলা কবিতা |
| 9 (RLIN) | 161660 |
| Topical term or geographic name as entry element | Bengali Poetry |
| 9 (RLIN) | 161661 |
| 942 ## - ADDED ENTRY ELEMENTS (KOHA) | |
| Source of classification or shelving scheme | Dewey Decimal Classification |
| Koha item type | Books |
| Lost status | Source of classification or shelving scheme | Damaged status | Not for loan | Collection code | Permanent Location | Current Location | Shelving location | Date acquired | Total Checkouts | Full call number | Date last seen | Copy number | Koha item type | Source of acquisition |
|---|---|---|---|---|---|---|---|---|---|---|---|---|---|---|
| Dewey Decimal Classification | Non-fiction | Central Library, University of Rajshahi | Central Library, University of Rajshahi | 23/01/2006 | B 891.441 ALM 2004 | 02/11/2016 | C-2 | Books | ||||||
| Dewey Decimal Classification | Not For Loan | Non-fiction | Central Library, University of Rajshahi | Central Library, University of Rajshahi | Reading Room | 23/01/2006 | B 891.441 ALM 2004 | 31/01/2017 | C-1 | Books | Gift |